European History by Letter - O - Statistics

General Stats
  • This quiz has been taken 286 times
    257 since last reset
  • The average score is 11 of 20
Answer Stats
Hint Answer % Correct
J.R.R. Tolkien, Margaret Thatcher, Hugh Grant and Stephen Hawking are some famous graduates from this English university. Oxford
99%
Sacred mountain in Greek mythology Olympus
92%
Became the first Holy Roman Emperor in 962 Otto the Great
92%
Eastern European branch of Christianity Orthodox church
89%
Middle Eastern empire that ruled the Balkans for centuries Ottoman Empire
89%
Important city in French history, located on the Loire river, liberated by Joan of Arc Orléans
88%
Major Mediterranean agricultural product obtained from the fruits of “Olea europaea” tree and cultivated for thousands of years Olive Oil
84%
Sports event of the antiquity revived by Pierre de Coubertin Olympics
82%
Popular Roman poet (“Metamorphoses”) Ovid
77%
Four-time Oscar winner, considered one of the greatest British actors of the 20th century (Laurence) Olivier
76%
Name of five Norwegian kings Olav/Olaf
62%
Poland’s Western border (named after two rivers), accepted by Germany only decades after WWII Oder-Neisse line
45%
Influential protestant organization in Northern Ireland Orange Order
36%
Irelands 19th century “liberator” (Daniel) O'Connell
24%
Capital of Northern Irish county Tyrone, site of a deadly car bombing in 1998 carried out by the “Real IRA” Omagh
22%
The boy who refuses to grow in Günther Grass’ novel “The Tin Drum” Oskar
21%
Two clans from Ulster who fought English rule in Ireland during the “Nine Years’ War” (name either) O’Neill/O’Donnell
20%
Right-wing French terror organization fighting Algeria’s independence, tried to assassinate Charles de Gaulle (three-letter acronym) OAS (Organisation de l'Armée Secrète)
14%
His grab for power marked the end of the Western Roman empire Odoacer
13%
Long-time anti-Mafia mayor of Palermo (Leoluca) Orlando
9%
No matching quizzes found
Score Distribution
Percent of People with Each Score
Percentile by Number Answered
Your Score History
You have not taken this quiz since the last reset